Wybierz gminy graniczące z gminą Mikołów - Statystyki

Ogólne statystyki
  • Ten quiz został rozwiązany 17 razy
  • Średni wynik to 13 z 15
Statystyki odpowiedzi
Zagadnienie Komórka Select % Poprawnych
gminy graniczące z gminą Mikołów Chorzów Nie
100%
gminy graniczące z gminą Mikołów Mysłowice Nie
100%
gminy graniczące z gminą Mikołów Pszczyna Nie
100%
gminy graniczące z gminą Mikołów Ornontowice Tak
92%
gminy graniczące z gminą Mikołów Ruda Śląska Tak
92%
gminy graniczące z gminą Mikołów Wyry Tak
92%
gminy graniczące z gminą Mikołów Katowice Tak
85%
gminy graniczące z gminą Mikołów Kobiór Nie
85%
gminy graniczące z gminą Mikołów Łaziska Górne Tak
85%
gminy graniczące z gminą Mikołów Gliwice Nie
77%
gminy graniczące z gminą Mikołów Orzesze Tak
77%
gminy graniczące z gminą Mikołów Tychy Tak
77%
gminy graniczące z gminą Mikołów Żory Nie
77%
gminy graniczące z gminą Mikołów Zabrze Nie
69%
gminy graniczące z gminą Mikołów Gierałtowice Tak
46%
Nie znaleziono quizów pasujących do podanych kryteriów
Rozkład punktacji
Procent ludzi z każdym wynikiem
Percentyl według liczby udzielonych odpowiedzi
Twoja historia wyników
Nie rozwiązałeś tego quizu